Imiona nadane chłopcom w 2009 roku - Statystyki

Ogólne statystyki
  • Ten quiz został rozwiązany 60 razy
  • Średni wynik to 74 z 100
Statystyki odpowiedzi
Hint Odpowiedź % Poprawnych
J Jan
98%
P Piotr
98%
W Wiktor
98%
I Igor
95%
K Kamil
95%
M Michał
95%
P Paweł
95%
S Szymon
95%
T Tomasz
95%
A Adam
93%
B Bartłomiej
93%
B Bartosz
93%
F Filip
93%
K Kacper
93%
D Dariusz
91%
D Dominik
91%
F Franciszek
91%
J Jakub
91%
K Krzysztof
91%
N Nikodem
91%
P Patryk
91%
S Stanisław
91%
A Aleks
89%
A Aleksander
89%
A Alex
89%
A Alexander
89%
A Antoni
89%
A Arkadiusz
89%
M Maciej
89%
M Marcel
89%
M Mateusz
89%
O Oliver
89%
O Olivier
89%
O Oliwier
89%
D Damian
86%
K Karol
86%
O Oscar
86%
O Oskar
86%
D David
84%
D Dawid
84%
G Grzegorz
84%
Ł Łukasz
84%
R Rafał
84%
A Artur
82%
D Daniel
82%
G Gabriel
82%
K Konrad
82%
M Marcin
82%
M Marek
82%
M Mikołaj
82%
O Olaf
82%
S Sebastian
82%
T Tymon
82%
W Wojciech
82%
A Adrian
80%
E Emil
80%
I Ignacy
80%
M Miłosz
80%
N Natan
80%
R Radosław
80%
E Eryk
77%
J Julian
77%
T Tymoteusz
77%
C Cezary
75%
H Hubert
75%
M Mariusz
75%
N Norbert
75%
A Alan
73%
F Fabian
73%
K Kornel
73%
M Maksymilian
73%
P Przemysław
73%
R Robert
73%
A Andrzej
64%
B Błażej
64%
K Krystian
64%
K Kuba
64%
L Leon
64%
W Witold
64%
C Cyprian
57%
N Nataniel
57%
J Juliusz
55%
T Tobiasz
55%
B Borys
50%
J Jacek
50%
B Bruno
45%
B Brajan
43%
A Albert
41%
D Dorian
41%
G Gracjan
41%
K Kevin
39%
K Ksawery
39%
S Seweryn
34%
R Remigiusz
32%
J Jędrzej
30%
K Kajetan
30%
I Iwo
27%
S Samuel
23%
K Kryspin
18%
N Nicolas
11%
Nie znaleziono quizów pasujących do podanych kryteriów
Rozkład punktacji
Procent ludzi z każdym wynikiem
Percentyl według liczby udzielonych odpowiedzi
Twoja historia wyników
Nie rozwiązałeś tego quizu